NFL 2026 Rosters #6 - Statistics

General Stats
  • This quiz has been taken 41 times
  • The average score is 49 of 75
Answer Stats
Question Tile Select % Correct
Dolphins 2026 Roster Jaxon Smith-Njigba No
100%
Dolphins 2026 Roster Jordan Addison No
100%
Dolphins 2026 Roster Justin Jefferson No
100%
Dolphins 2026 Roster Nick Chubb No
100%
Dolphins 2026 Roster Sam Darnold No
100%
Dolphins 2026 Roster Trey McBride No
100%
Dolphins 2026 Roster Tyler Linderbaum No
100%
Dolphins 2026 Roster De'Von Achane Yes
97%
Dolphins 2026 Roster Drew Lock No
97%
Dolphins 2026 Roster Evan Engram No
97%
Dolphins 2026 Roster Jonathan Allen No
97%
Dolphins 2026 Roster Jordan Mason No
97%
Dolphins 2026 Roster Dion Dawkins No
93%
Dolphins 2026 Roster Jake Elliott No
93%
Dolphins 2026 Roster Kenneth Gainwell No
93%
Dolphins 2026 Roster Malik Washington Yes
90%
Dolphins 2026 Roster Quinn Ewers Yes
90%
Dolphins 2026 Roster Ollie Gordon II Yes
87%
Dolphins 2026 Roster Malik Willis Yes
83%
Dolphins 2026 Roster Tutu Atwell Yes
83%
Dolphins 2026 Roster Chop Robinson Yes
80%
Dolphins 2026 Roster Tua Tagovailoa No
80%
Dolphins 2026 Roster Jalen Tolbert Yes
67%
Jaguars 2026 Roster Abdul Carter No
60%
Jaguars 2026 Roster Brandin Cooks No
60%
Buccaneers 2026 Roster Brandon Aiyuk No
60%
Buccaneers 2026 Roster Carnell Tate No
60%
Jaguars 2026 Roster George Pickens No
60%
Jaguars 2026 Roster Harold Fannin Jr No
60%
Jaguars 2026 Roster Jameson Williams No
60%
Buccaneers 2026 Roster Jeremiyah Love No
60%
Buccaneers 2026 Roster Joe Thuney No
60%
Buccaneers 2026 Roster Joey Bosa No
60%
Buccaneers 2026 Roster Josh Downs No
60%
Jaguars 2026 Roster Joshua Dobbs No
60%
Jaguars 2026 Roster Keenan Allen No
60%
Jaguars 2026 Roster Kenneth Walker III No
60%
Buccaneers 2026 Roster Nick Bosa No
60%
Buccaneers 2026 Roster Zack Baun No
60%
Buccaneers 2026 Roster Baker Mayfield Yes
57%
Jaguars 2026 Roster Brian Thomas Jr Yes
57%
Buccaneers 2026 Roster Bucky Irving Yes
57%
Buccaneers 2026 Roster Cade Otton Yes
57%
Jaguars 2026 Roster Cam Little Yes
57%
Buccaneers 2026 Roster Chris Godwin Jr Yes
57%
Buccaneers 2026 Roster Emeka Egbuka Yes
57%
Buccaneers 2026 Roster Jahan Dotson No
57%
Buccaneers 2026 Roster Jalen Tolbert No
57%
Jaguars 2026 Roster Jaylin Noel No
57%
Buccaneers 2026 Roster Jay Ward No
57%
Jaguars 2026 Roster Parker Washington Yes
57%
Jaguars 2026 Roster Pat Freiermuth No
57%
Buccaneers 2026 Roster Samaje Perine No
57%
Jaguars 2026 Roster Sean Tucker No
57%
Buccaneers 2026 Roster Sonny Styles No
57%
Jaguars 2026 Roster Travis Hunter Yes
57%
Jaguars 2026 Roster Trevor Lawrence Yes
57%
Jaguars 2026 Roster Tucker Kraft No
57%
Buccaneers 2026 Roster Tyler Loop No
57%
Jaguars 2026 Roster Braelon Allen No
53%
Jaguars 2026 Roster Brenton Strange Yes
53%
Buccaneers 2026 Roster Chase McLaughlin Yes
53%
Jaguars 2026 Roster Jakobi Meyers Yes
53%
Jaguars 2026 Roster Josh Hines-Allen Yes
53%
Jaguars 2026 Roster Spencer Shrader No
53%
Buccaneers 2026 Roster Vita Vea Yes
53%
Buccaneers 2026 Roster Jalen McMillan Yes
43%
Jaguars 2026 Roster Mitchell Fraboni No
43%
Buccaneers 2026 Roster Sean Tucker Yes
43%
Dolphins 2026 Roster Taybor Pepper Yes
43%
Dolphins 2026 Roster Ethan Robinson Yes
40%
Buccaneers 2026 Roster Geno Stone No
40%
Buccaneers 2026 Roster Kenneth Gainwell Yes
33%
Jaguars 2026 Roster Devon Marshall Yes
20%
Jaguars 2026 Roster B.J. Green II Yes
13%
No matching quizzes found
Score Distribution
Percent of People with Each Score
Percentile by Number Answered
Your Score History
You have not taken this quiz